| 000 | 00861nam a2200265Ia 4500 | ||
|---|---|---|---|
| 001 | 21608 | ||
| 005 | 20260320113257.0 | ||
| 008 | 260320s9999||||xx |||||||||||||| ||und|| | ||
| 020 | _a9789871456161 | ||
| 041 | _aESP | ||
| 082 |
_a658.83 _bO693 |
||
| 100 |
_aOwen, Deborah, _eAUT |
||
| 245 | 0 |
_aComo analizar el mercado : _btécnicas para entender el comportamiento de las acciones |
|
| 246 |
_a _5 _b |
||
| 250 | _aPrimera edición | ||
| 260 |
_aBuenos Aires : _bThe Economist, _c2008 |
||
| 300 |
_a140 páginas : _bdiagramas ; _c21 cm. _e |
||
| 440 |
_aColección Finanzas y Negocios _n _v |
||
| 650 | _aTCA | ||
| 653 | _aInvestigación de mercados | ||
| 654 | _aCAN | ||
| 700 |
_aGriffiths, Robin _c |
||
| 856 |
_uhttps://ebooks7-24-com.ucsp.lookproxy.com/stage.aspx?il=&pg=&ed= _zVéase además: Base de datos Ebook7-24 |
||
| 942 |
_cLIB _dJUS _fMIP _2ddc _n |
||
| 999 |
_c21608 _d21608 |
||